| 000 | 00467nam a22001697a 4500 | ||
|---|---|---|---|
| 003 | OSt | ||
| 005 | 20130426100924.0 | ||
| 008 | 130426s2013 sp ||||| |||||||1 0 cat d | ||
| 020 | _a9788499753089 | ||
| 040 | _cCDMR | ||
| 100 | 1 |
_92356 _aManent, Albert |
|
| 245 |
_aDiccionari de pseudònims usats a Catalunya i a l'emigració _cAlbert Manent, Josep Poca |
||
| 260 |
_aLleida _bPagès _c2013 |
||
| 300 | _a599 p. | ||
| 700 | 1 |
_93290 _aPoca Gaya, Josep |
|
| 942 |
_2udc _cMON |
||
| 999 |
_c6145 _d6145 |
||